Statistiques concernant Les plus grandes villes sur la Durance

Cliquez ici pour prendre le quiz!

Statistiques générales

  • Ce quiz a été pris 70 fois
  • Le résultat moyen est 6 sur 17

Statistiques - réponses

Population (2017)Ville sur la Durance% Correct
92,200Avignon
81%
21,900Manosque
75%
7,300Sisteron
75%
26,200Cavaillon
59%
12,400Briançon
54%
6,200Embrun
49%
19,500Pertuis
46%
5,200Château-Arnoux-Saint-Auban
22%
4,700Caumont-sur-Durance
20%
15,600Châteaurenard
17%
5,800Oraison
17%
6,000Mallemort
15%
7,000Senas
15%
5,500La Roque-d'Antheron
12%
4,900Peyrolles-en-Provence
12%
5,500Le Puy-Sainte-Réparade
10%
5,600Noves
8%

Distribution des résultats

Percentile par nombre de réponses

% des personnes avec chaque résultat

Votre développement - résultats

Vous n’avez pas pris ce quiz